60 rokov od smrti maliara Jar. Čermáka ...

Bibliographic Details
Format: Article
Language:Slovak
Subjects:

MARC

LEADER 00000nab a22000001a 4500
001 vtls008997906
003 SK-MaSNL
005 20260303065823.0
008 070611d19380423xo |r|p|||| |000 b|slo
015 |a SNBRRBVU1918-1938 
038 |a SNKBUCL 
040 |a SNKBUVU  |b slo  |c SNKBUCL  |e AACR2 
041 0 |a slo 
044 |a xo  |c SK 
080 |a 75.071.1  |2 1997 
080 |a 929 Čermák, Jaroslav  |2 MM  |2 1997 
245 0 0 |a 60 rokov od smrti maliara Jar. Čermáka ... 
500 |a V rubrike Kultúrny obzor 
600 1 7 |a Čermák, Jaroslav,  |d 1830-1878  |2 MM  |9 102764 
650 0 7 |a českí maliari  |2 snkbucl  |9 427126 
655 7 |a profily  |2 MM  |9 341977 
773 0 |t Robotnícke noviny  |g Roč. 35, č. 93 (23.4.1938), s. 3 
852 |a SNK  |b KIS3GCP 
910 |a snkrbvumm 
958 |a VY 
958 |a CZ 
958 |a BC 
999 |c 1752861  |d 1754791